000 00546nam a2200181Ia 4500
003 GCL
008 140319s9999 xx 000 0 eng d
040 _aGCL /
_cGCL
082 0 4 _a629.13007
_bS P
100 1 _aSCHUKERT, MICHAEL
245 1 0 _aPOST - SECONDARY AVIATION AND SPACE EDUCATION REFERNCE GUIDE /
_cSCHUKERT, MICHAEL
260 _a[S.N] :
_bFEDRAL AVIATION ADMINISTRATION ،
_c1992
300 _a89 P
650 0 4 _aAVIATION
650 0 4 _aAERONAUTICS - UNITED STATES
650 0 4 _aAERONAUTICS - STUDY AND TEACHING
942 _2ddc
_cBK
999 _c15414
_d15414